[Event "BCF-ch Major"]
[Site "Hull"]
[Date "2024.07.30"]
[Round "4"]
[White "Cawston, M John"]
[Black "Sobolevski, Damien"]
[Result "1-0"]
[WhiteElo "1776"]
[BlackElo "1041"]
[PlyCount "123"]
[EventDate "2024.07.27"]
[EventType "swiss"]
[EventRounds "9"]
[EventCountry "ENG"]
[SourceTitle "CB32_2024"]
[SourceDate "2024.08.08"]
[SourceVersion "1"]
[SourceVersionDate "2024.08.08"]
[SourceQuality "1"]

1. d4 Nf6 2. c4 e6 3. Nc3 d5 4. Bg5 Be7 5. e3 c6 6. Nf3 0-0 7. Qc2 Nbd7 8. 0-0-0 h6 9. Bh4 c5 10. cxd5 Nxd5 11. Bxe7 Qxe7 12. Kb1 cxd4 13. exd4 Nxc3+ 14. Qxc3 a6 15. Bd3 b5 16. Bc2 Nf6 17. Ne5 a5 18. Qd3 b4 19. Ng4 g6 20. Nxh6+ Kg7 21. g4 Kxh6 22. g5+ Kg7 23. gxf6+ Qxf6 24. h4 e5 25. dxe5 Qxe5 26. h5 Bf5 27. Qd4 Bxc2+ 28. Kxc2 Qxd4 29. Rxd4 Rac8+ 30. Kb3 Rh8 31. Rdh4 gxh5 32. Rxh5 Rxh5 33. Rxh5 Ra8 34. Ka4 Rd8 35. Rf5 Rd2 36. Kb3 Rd3+ 37. Kc2 Rd4 38. Rxa5 Rf4 39. Rg5+ Kf6 40. Rg2 Ke5 41. Kd3 f5 42. Ke3 Rc4 43. f3 Rd4 44. Rg8 f4+ 45. Ke2 Rc4 46. Re8+ Kd4 47. Re4+ Kd5 48. Rxc4 Kxc4 49. Kd2 Kd4 50. a4 bxa3 51. bxa3 Kc4 52. a4 Kb4 53. Kd3 Kxa4 54. Ke4 Kb5 55. Kxf4 Kc6 56. Ke5 Kd7 57. Kf6 Ke8 58. Kg7 Ke7 59. f4 Ke6 60. Kg6 Ke7 61. f5 Kf8 62. Kf6 1-0

[Event "Harrogate 4NCL op-B 31st"]
[Site "Harrogate"]
[Date "2024.01.19"]
[Round "1"]
[White "Obi, Okwose Marc"]
[Black "Cawston, M John"]
[Result "1/2-1/2"]
[WhiteElo "1901"]
[BlackElo "1770"]
[PlyCount "116"]
[EventDate "2024.01.19"]
[EventType "swiss"]
[EventRounds "5"]
[EventCountry "ENG"]
[SourceTitle "CB06_2024"]
[SourceDate "2024.02.07"]
[SourceVersion "1"]
[SourceVersionDate "2024.02.07"]
[SourceQuality "1"]

1. e4 c5 2. c4 Nc6 3. Nc3 g6 4. g3 Bg7 5. Bg2 d6 6. Nge2 Bg4 7. f3 Be6 8. d3 Nf6 9. Rb1 0-0 10. 0-0 Qc8 11. Nf4 Bd7 12. Be3 Ne8 13. Qd2 Nc7 14. h4 Ne6 15. Nxe6 Bxe6 16. Kh2 Qd7 17. Bh6 f5 18. Bxg7 Kxg7 19. f4 Rf7 20. Rfe1 Raf8 21. a3 fxe4 22. Nxe4 h6 23. b4 b6 24. Nc3 Nd4 25. Re3 Bg4 26. bxc5 dxc5 27. Rbe1 e6 28. Ne4 Nf5 29. Nf2 Nxe3 30. Rxe3 h5 31. Nxg4 hxg4 32. Qe2 e5 33. Rxe5 Rd8 34. Bd5 Qd6 35. Bxf7 Kxf7 36. Qxg4 Qxd3 37. Qe6+ Kf8 38. f5 Qc2+ 39. Kh3 Qd1 40. Qf6+ Kg8 41. Qxg6+ Kh8 42. Re8+ Rxe8 43. Qxe8+ Kg7 44. Qg6+ Kf8 45. Qf6+ Ke8 46. Qe6+ Kd8 47. f6 Qh1+ 48. Kg4 Qd1+ 49. Kg5 Qd2+ 50. Kg6 Qd3+ 51. Kf7 Qh7+ 52. Kf8 Qh6+ 53. Kg8 Qg6+ 54. Kh8 Qh6+ 55. Kg8 Qg6+ 56. Kf8 Qh6+ 57. Kf7 Qh7+ 58. Kf8 Qg6 1/2-1/2

[Event "Hull 4NCL op-B"]
[Site "Hull"]
[Date "2023.09.10"]
[Round "5"]
[White "Cawston, M John"]
[Black "McDonnell, James J"]
[Result "0-1"]
[WhiteElo "1692"]
[BlackElo "1730"]
[PlyCount "63"]
[EventDate "2023.09.08"]
[EventType "swiss"]
[EventRounds "5"]
[EventCountry "ENG"]
[SourceTitle "EXT 2024"]
[Source "ChessBase"]
[SourceDate "2023.10.10"]
[SourceVersion "1"]
[SourceVersionDate "2023.10.10"]
[SourceQuality "1"]

1. d4 d5 2. c4 c6 3. Nf3 Nf6 4. Qc2 dxc4 5. Qxc4 Bf5 6. Nc3 e6 7. Bg5 Be7 8. e3 Nbd7 9. Be2 0-0 10. 0-0 Re8 11. Nh4 Bg4 12. Nf3 h6 13. Bh4 Bf5 14. h3 Bg6 15. b4 Nb6 16. Qb3 Nfd5 17. Bxe7 Qxe7 18. a3 Red8 19. Ne5 Bh7 20. Rfd1 Rac8 21. Rac1 a6 22. Nd3 Rc7 23. Nc5 Nxc3 24. Rxc3 e5 25. dxe5 Nd5 26. Rcc1 Qxe5 27. e4 Bxe4 28. Nxe4 Qxe4 29. Bf3 Qe7 30. a4 Rcd7 31. Re1 Qg5 32. Re4 0-1

[Event "Harrogate 4NCL op-B 27th"]
[Site "Harrogate"]
[Date "2022.01.22"]
[Round "3"]
[White "Cawston, M John"]
[Black "Webb, Nicholas"]
[Result "1/2-1/2"]
[WhiteElo "1857"]
[BlackElo "1712"]
[PlyCount "81"]
[EventDate "2022.01.21"]
[EventType "swiss"]
[EventRounds "5"]
[EventCountry "ENG"]
[SourceTitle "CBM 206 Extra"]
[Source "ChessBase"]
[SourceDate "2022.03.31"]
[SourceVersion "1"]
[SourceVersionDate "2022.03.31"]
[SourceQuality "1"]

1. c4 e5 2. Nc3 Be7 3. Nf3 d6 4. d4 exd4 5. Nxd4 Nf6 6. e4 0-0 7. Be2 Na6 8. 0-0 Nc5 9. Bf3 a5 10. Re1 Ra6 11. Bf4 Bd7 12. b3 Qc8 13. h3 Re8 14. Qc2 Kh8 15. Rad1 Rg8 16. Nd5 Nxd5 17. exd5 Bf6 18. Bg3 Re8 19. Qd2 Ra8 20. Rxe8+ Qxe8 21. Re1 Qf8 22. Bd1 b6 23. Bc2 Re8 24. Nf5 g6 25. Rxe8 Qxe8 26. Bh4 Bxh4 27. Nxh4 Qe5 28. Nf3 Qa1+ 29. Bd1 Ne4 30. Qd4+ Qxd4 31. Nxd4 Nc3 32. Bc2 Nxa2 33. Kf1 Kg7 34. Ke2 Nb4 35. Be4 f5 36. Bb1 Kf6 37. Kd2 Na6 38. Ke3 a4 39. bxa4 Bxa4 40. h4 Bd7 41. Bd3 1/2-1/2

[Event "Harrogate 4NCL op 24th"]
[Site "Harrogate"]
[Date "2020.01.18"]
[Round "2"]
[White "Cawston, M John"]
[Black "Ormerod, Stephen"]
[Result "0-1"]
[WhiteElo "1778"]
[BlackElo "1877"]
[PlyCount "114"]
[EventDate "2020.01.17"]
[EventType "swiss"]
[EventRounds "5"]
[EventCountry "ENG"]
[SourceTitle "CBM 195 Extra"]
[Source "ChessBase"]
[SourceDate "2020.05.31"]
[SourceVersion "1"]
[SourceVersionDate "2020.05.31"]
[SourceQuality "1"]

1. Nf3 Nf6 2. c4 e6 3. g3 c6 4. Bg2 d5 5. d4 Bb4+ 6. Bd2 Be7 7. Qc2 Nbd7 8. 0-0 0-0 9. b3 Ne4 10. Nc3 Ndf6 11. Rad1 Nxd2 12. Rxd2 Bb4 13. Rdd1 Qa5 14. Rc1 Bxc3 15. Qxc3 Qxa2 16. Ra1 Qxe2 17. Rfe1 Ne4 18. Rxe2 Nxc3 19. Rc2 Ne4 20. Rca2 a6 21. Ne5 f6 22. Nd3 Nc3 23. Rc2 Ne4 24. Re1 Nd6 25. Nf4 Re8 26. cxd5 exd5 27. Rxe8+ Nxe8 28. Re2 Kf7 29. Kf1 Bf5 30. Ke1 g5 31. Nh3 Nd6 32. Kd2 Nb5 33. f4 g4 34. Nf2 Nxd4 35. Re3 Re8 36. Rxe8 Kxe8 37. b4 Kd7 38. Nd1 Be4 39. Bf1 Nf3+ 40. Ke3 Nxh2 41. Be2 Bf3 42. Nc3 Bxe2 43. Kxe2 Nf3 44. Na4 Nd4+ 45. Kd3 Nf5 46. Nc5+ Kc7 47. Ne6+ Kb6 48. Nf8 Nxg3 49. Nd7+ Kb5 50. Nxf6 Kxb4 51. Nxh7 Nf5 52. Ng5 a5 53. Ne6 a4 54. Kc2 g3 55. Kb2 g2 56. Nc7 g1Q 57. Nxd5+ cxd5 0-1

[Event "Harrogate 4NCL op-B 21st"]
[Site "Harrogate"]
[Date "2019.01.19"]
[Round "3"]
[White "Goodfellow, Russell Robert"]
[Black "Cawston, M John"]
[Result "0-1"]
[WhiteElo "1742"]
[BlackElo "1850"]
[PlyCount "91"]
[EventDate "2019.01.18"]
[EventType "swiss"]
[EventRounds "5"]
[EventCountry "ENG"]
[SourceTitle "CBM 188 Extra"]
[Source "ChessBase"]
[SourceDate "2019.02.26"]
[SourceVersion "1"]
[SourceVersionDate "2019.02.26"]
[SourceQuality "1"]

1. e4 c5 2. Nf3 e6 3. d4 cxd4 4. Nxd4 a6 5. Bd3 Bc5 6. Nb3 Be7 7. 0-0 d6 8. c3 Nd7 9. Qe2 Qc7 10. f4 Ngf6 11. N1d2 b6 12. Nf3 Bb7 13. Bd2 Nc5 14. Nxc5 Qxc5+ 15. Kh1 Nd7 16. Rae1 e5 17. fxe5 dxe5 18. Ng5 Bxg5 19. Bxg5 f6 20. Bc1 Qc7 21. Qh5+ Kd8 22. Rd1 Kc8 23. Qg4 Kb8 24. Qxg7 Rd8 25. Bc2 Bc6 26. Qxh7 Kb7 27. Qe7 Nc5 28. Qxc7+ Kxc7 29. Rxd8 Rxd8 30. Re1 Nxe4 31. Kg1 Nc5 32. b3 Nd3 33. Bxd3 Rxd3 34. c4 Kd6 35. Bh6 Ke6 36. Re2 f5 37. Bf4 Be4 38. Be3 Rd6 39. h4 Kf7 40. Kf2 Rg6 41. Bg5 Re6 42. g3 Bd3 43. Rd2 e4 44. Ke3 Kg6 45. Kd4 Bf1 46. Kd5 0-1

[Event "Telford 4NCL op-B 19th"]
[Site "Telford"]
[Date "2018.07.15"]
[Round "5"]
[White "Cawston, M John"]
[Black "Gardiner, Eric D"]
[Result "1/2-1/2"]
[WhiteElo "1866"]
[BlackElo "1939"]
[PlyCount "73"]
[EventDate "2018.07.13"]
[EventType "swiss"]
[EventRounds "5"]
[EventCountry "ENG"]
[SourceTitle "EXT 2019"]
[Source "ChessBase"]
[SourceDate "2018.10.10"]
[SourceVersion "1"]
[SourceVersionDate "2018.10.10"]
[SourceQuality "1"]

1. d4 d6 2. c4 e5 3. Nc3 exd4 4. Qxd4 Nc6 5. Qd1 g6 6. e4 Bg7 7. Nge2 Be6 8. b3 Nge7 9. Be3 Qd7 10. Rc1 f5 11. Nd4 Nxd4 12. Bxd4 Nc6 13. Bxg7 Qxg7 14. Be2 fxe4 15. Nxe4 Qe5 16. Nc3 Nd4 17. 0-0 Nxe2+ 18. Qxe2 Qxe2 19. Nxe2 0-0-0 20. Nd4 Bd7 21. Rfe1 Rde8 22. Kf1 Kd8 23. Re2 a6 24. Rce1 Rxe2 25. Rxe2 Re8 26. Rxe8+ Kxe8 27. Ke2 Ke7 28. Ke3 b5 29. Kd3 c5 30. Nf3 Bf5+ 31. Kc3 b4+ 32. Kb2 Kf6 33. a3 a5 34. axb4 axb4 35. Kc1 Be4 36. Ne1 Ke5 37. Kd2 1/2-1/2

[Event "Telford 4NCL op-B 19th"]
[Site "Telford"]
[Date "2018.07.15"]
[Round "4"]
[White "Llewellyn, Alan Mansel"]
[Black "Cawston, M John"]
[Result "0-1"]
[WhiteElo "1461"]
[BlackElo "1866"]
[PlyCount "92"]
[EventDate "2018.07.13"]
[EventType "swiss"]
[EventRounds "5"]
[EventCountry "ENG"]
[SourceTitle "EXT 2019"]
[Source "ChessBase"]
[SourceDate "2018.10.10"]
[SourceVersion "1"]
[SourceVersionDate "2018.10.10"]
[SourceQuality "1"]

1. c4 Nf6 2. Nc3 c5 3. e4 Nc6 4. f4 d6 5. d3 Bg4 6. Be2 Bxe2 7. Ngxe2 g6 8. 0-0 Bg7 9. Qb3 Qd7 10. Qa3 0-0 11. e5 dxe5 12. Qxc5 exf4 13. Bxf4 Nh5 14. Qd5 Rad8 15. Qxd7 Rxd7 16. Rad1 Nxf4 17. Rxf4 Ne5 18. Nc1 Rfd8 19. Nd5 e6 20. Nf6+ Bxf6 21. Rxf6 Nxd3 22. Nxd3 Rxd3 23. Rdf1 R8d7 24. R6f2 Rd2 25. g3 Rxf2 26. Rxf2 Kf8 27. Kg2 Rd3 28. Kf1 Ke7 29. Ke2 Rd4 30. b3 e5 31. h4 f5 32. h5 Kf6 33. hxg6 hxg6 34. Ke3 Rd7 35. c5 g5 36. b4 f4+ 37. gxf4 exf4+ 38. Ke4 Re7+ 39. Kf3 Kf5 40. b5 g4+ 41. Kg2 g3 42. Rc2 Kg4 43. Rc1 f3+ 44. Kf1 Rh7 45. Rc4+ Kf5 46. Kg1 f2+ 0-1

[Event "Doncaster 4NCL op-B 18th"]
[Site "Doncaster"]
[Date "2018.04.14"]
[Round "3.2"]
[White "Cawston, M John"]
[Black "Burrows, Nick"]
[Result "1/2-1/2"]
[WhiteElo "1864"]
[BlackElo "1932"]
[PlyCount "115"]
[EventDate "2018.04.13"]
[EventType "swiss"]
[EventRounds "5"]
[EventCountry "ENG"]
[SourceTitle "EXT 2023"]
[Source "ChessBase"]
[SourceDate "2022.10.05"]
[SourceVersion "1"]
[SourceVersionDate "2022.10.05"]
[SourceQuality "1"]

1. Nf3 d5 2. d4 Nf6 3. c4 c6 4. Qc2 dxc4 5. Qxc4 Bg4 6. Nc3 Nbd7 7. e4 e6 8. Be2 Be7 9. 0-0 0-0 10. Be3 Rc8 11. Rfd1 Qc7 12. Rac1 Qb8 13. Qd3 Rfd8 14. e5 Bxf3 15. exf6 Bxe2 16. Nxe2 Nxf6 17. Qc4 Nd5 18. Bd2 Rd7 19. b4 Rcd8 20. b5 cxb5 21. Qxb5 Bf6 22. Rb1 b6 23. Qb3 h6 24. Rdc1 Qb7 25. a4 Qa6 26. Qb5 Nc7 27. Qxa6 Nxa6 28. a5 Bxd4 29. Nxd4 Rxd4 30. Be3 Rb4 31. Rxb4 Nxb4 32. axb6 axb6 33. Bxb6 Rb8 34. Be3 Nd5 35. Bd4 Rb4 36. Bc5 Rb2 37. g3 Kh7 38. h4 h5 39. Kg2 Nf6 40. Bd4 Ra2 41. Rc5 Nd5 42. Rc1 Rd2 43. Ba7 Kg6 44. Rc4 Nf6 45. Be3 Ra2 46. Bb6 Ng4 47. Rb4 e5 48. Rb3 e4 49. Bd4 Rd2 50. Ba7 Ne5 51. Be3 Rd3 52. Rb6+ f6 53. Rb4 Kf5 54. Rb5 Kg6 55. Rb4 Kf5 56. Rb5 Kg6 57. Rb4 Kf5 58. Rb5 1/2-1/2

[Event "Rhein Main op-B 20th"]
[Site "Bad Homburg"]
[Date "2017.06.16"]
[Round "4"]
[White "Zannoni, Rudolf"]
[Black "Cawston, M John"]
[Result "0-1"]
[WhiteElo "1455"]
[BlackElo "1846"]
[PlyCount "96"]
[EventDate "2017.06.14"]
[EventType "swiss"]
[EventRounds "7"]
[EventCountry "GER"]
[SourceTitle "EXT 2018"]
[Source "ChessBase"]
[SourceDate "2017.10.13"]
[SourceVersion "1"]
[SourceVersionDate "2017.10.13"]
[SourceQuality "1"]

1. Nf3 c5 2. d3 Nc6 3. g3 g6 4. Bg2 Bg7 5. 0-0 d6 6. e4 e5 7. Nc3 Nge7 8. Bg5 f6 9. Be3 Be6 10. Qd2 Nd4 11. Ne2 Nxe2+ 12. Qxe2 0-0 13. c4 h6 14. Qd2 Kh7 15. a3 a5 16. b4 axb4 17. axb4 Qc7 18. b5 b6 19. Ra6 Rxa6 20. bxa6 Qa7 21. Ra1 Nc6 22. Qa2 Nb4 23. Qa3 Nc2 24. Qa4 Nxa1 25. Qxa1 Ra8 26. Qa4 Bd7 27. Qd1 Qxa6 28. h4 Qa1 29. Bc1 Qc3 30. Qd2 Qxd2 31. Bxd2 Ra1+ 32. Kh2 Rd1 33. Bh3 Bxh3 34. Kxh3 Kg8 35. g4 Kf7 36. g5 hxg5 37. hxg5 fxg5 38. Nxg5+ Ke7 39. Nf3 Bf6 40. Kg2 Kd7 41. Kg3 Kc6 42. Kg2 b5 43. cxb5+ Kxb5 44. Kg3 Ka4 45. Kg2 Kb3 46. Kg3 Kc2 47. Kg4 Rxd2 48. Nxd2 Kxd2 0-1